[Event "Tatry Open 2018"]
[Site "Tatranska Lomnica"]
[Date "2018.10.01"]
[Round "2"]
[White "Chlpik, Martin"]
[Black "Ruckschloss, Karol"]
[Result "1-0"]
[WhiteElo "2119"]
[BlackElo "2253"]
[Annotator "TA"]
[PlyCount "67"]
[EventDate "2018.09.30"]
[EventType "swiss"]
[EventCountry "SVK"]
[SourceTitle "playchess.com"]
[Source "ChessBase"]
[SourceQuality "1"]

{[%evp 9,67,30,55,-30,-33,-25,-27,-23,-29,-33,10,0,26,13,32,-33,-20,-16,-26,-33,0,0,0,-28,31,-228,-217,-280,-262,-268,-109,-333,-259,-266,-257,-259,-51,-62,-68,-68,-53,-67,-78,-75,-88,-92,0,0,0,0,0,-35,0,0,0,0,0,0,29987,29987]} 1. d4 f5 {[%cal Bf7f5,Bf5e4][%mdl 32]} 2. e4 fxe4 3. Nc3 Nf6 4. Bg5 c6 5. f3 Qb6 {LiveBook: 6 Partien} 6. Qd2 {A83: Holländische Verteidigung (Staunton-Gambit)} (6. fxe4 $14 Qxb2 7. Bd2) (6. fxe4 Qxb2 7. Bd2 Qb6 8. e5 Qxd4 9. Nf3 Qg4 10. exf6 exf6 11. Bd3 d5 12. Qe2+ Qe6 13. Rb1 Qxe2+ 14. Nxe2 {0-1 (41) Ernst,S (2578)-Jones,G (2635) Plovdiv 2012}) 6... e3 7. Bxe3 Qxb2 8. Rb1 {Schwarz hat minimalen Vorteil.} Qa3 9. Bd3 d5 $146 ({Vorgänger:} 9... Qa5 10. Nge2 e6 11. Ne4 Qxd2+ 12. Bxd2 Be7 13. c4 Nxe4 14. fxe4 {0-1 (32) Phiri,R (2323)-Kayonde,A (2394) Johannesburg 2016}) 10. Nge2 {[%cal Bg1e2,Be2g3,Bg3f5][%mdl 32]} Nbd7 11. O-O $36 {[%mdl 2048] Weiss steht aktiver.} e5 12. Rfe1 (12. Bf5 $14) 12... Bb4 $15 13. Rb3 $1 {[%cal Rb3a3]} Qa5 {[#]} 14. a3 $1 {[%mdl 512]} Be7 (14... Bxc3 $5 15. Nxc3 O-O $11) (14... Bxa3 15. dxe5) 15. Ng3 O-O 16. Nf5 Re8 (16... Bd8 $1 $11) 17. Bh6 $2 {[%mdl 8192]} (17. Nxe7+ $14 {behält die Oberhand.} Rxe7 18. Bf4) 17... gxh6 $19 18. Qxh6 {[%csl Gf5][%cal Rh6g7]} Bf8 19. Qg5+ Kf7 (19... Kh8 $19 {bietet bessere Gewinnchancen. Droht ...exd4 und aus.} 20. Rxe5 Qd8) 20. Reb1 $2 (20. Nh4 $17 {ist eine bessere Verteidigung.}) 20... exd4 21. Ne4 Re6 $1 ({Auf keinen Fall} 21... dxe4 22. Bc4+ Nd5 23. Qh5+ Kg8 24. Qxe8 $17) 22. Nxf6 Nxf6 $2 (22... Rxf6 $19 23. g4 Rg6) 23. Rxb7+ $15 Bxb7 24. Rxb7+ Ke8 {Und ...De1+ würde nun gewinnen.} 25. Ng7+ Bxg7 $1 26. Qxg7 {Weiss will mit Dh8+ Matt setzen.} Kd8 $1 ({Doch nicht} 26... Qxa3 27. Qf7+ Kd8 28. Qxe6 $11) ({Bitte nicht} 26... Qe1+ 27. Bf1 $11) 27. g4 {[%cal Bg2g4,Bg4g5,Bg5f6,Bf6f7][%mdl 32] [#]} Qe1+ (27... h6 $1 $17 {zielt auf ...Te1+ ab.} 28. Qxh6 Qe1+ 29. Kg2 Qe5) 28. Kg2 $11 Qd2+ 29. Kg3 $1 {Dc7+ ist eine echte Drohung.} Qe1+ 30. Kg2 $1 Qe5 {Und weiter mit ...Te7 wäre nett.} (30... Re2+ $5 31. Kh3 Qf1+ 32. Kh4 Qf2+ 33. Kg5 Qe3+ 34. f4 {[#]} h6+ $1 {[%mdl 512]} 35. Qxh6 Nd7 36. Bxe2 Qe7+ 37. Kf5 Qe4+ 38. Kg5 Qe7+ 39. Kh5 Qxe2 40. Qxc6 Qe8+ 41. Kh6 Rc8 42. Qxd5 Qh8+ 43. Kg6 Qf6+ 44. Kh5 Qh8+ 45. Kg6 Qf6+ 46. Kh5 Qh8+ 47. Kg6 $11) 31. g5 Re7 $1 {[%cal Re7g7]} 32. Rxe7 Qxe7 33. gxf6 Qe8 $2 {[%mdl 8192]} (33... Qxg7+ $11 34. fxg7 Ke7 35. Bxh7 Kf7 36. g8=Q+ Rxg8+ 37. Bxg8+ Kxg8) 34. f7 {Precision: Weiß = 32%, Schwarz = 27%.} 1-0

[Event "Tatry Open 2018"]
[Site "Tatranska Lomnica"]
[Date "2018.10.01"]
[Round "2"]
[White "Janos, Ivan"]
[Black "Kostolansky, Sebastian Lukas"]
[Result "0-1"]
[WhiteElo "2109"]
[BlackElo "2209"]
[Annotator "ChessBase"]
[PlyCount "60"]
[EventDate "2018.09.30"]
[EventType "swiss"]
[EventCountry "SVK"]
[SourceTitle "playchess.com"]
[Source "ChessBase"]
[SourceQuality "1"]
[TimeControl "40/5400+30:1800+30"]

1. e4 {[%emt 0:00:00]} e6 {[%emt 0:01:46]} 2. d4 {[%emt 0:00:00]} d5 {[%emt 0:00:06]} 3. e5 {[%emt 0:01:11]} c5 {[%emt 0:00:15]} 4. c3 {[%emt 0:00:19]} Nc6 5. Nf3 {[%emt 0:00:19]} Qb6 {[%emt 0:02:24]} 6. a3 {[%emt 0:00:36]} a5 {[%emt 0:03:03]} 7. Bd3 {[%emt 0:03:24]} Nh6 {[%emt 0:02:39]} 8. O-O {[%emt 0:11:36]} Nf5 {[%emt 0:18:06]} 9. dxc5 {[%emt 0:07:33]} Bxc5 {[%emt 0:00:37]} 10. Nbd2 {[%emt 0:11:41]} O-O {[%emt 0:23:34]} 11. b4 {[%emt 0:01:54]} axb4 {[%emt 0:01:00]} 12. cxb4 {[%emt 0:00:07]} Bd4 {[%emt 0:02:47]} 13. Nxd4 {[%emt 0:00:56]} Qxd4 {[%emt 0:01:26]} 14. Nb3 {[%emt 0:01:21]} Qxe5 {[%emt 0:00:29]} 15. Rb1 {[%emt 0:08:39]} Nh4 {[%emt 0:11:11]} 16. f4 {[%emt 0:02:20]} Qf6 {[%emt 0:00:45]} 17. Bb2 {[%emt 0:09:46]} Qh6 {[%emt 0:05:27]} 18. Rc1 {[%emt 0:06:08]} e5 {[%emt 0:07:25]} 19. fxe5 {[%emt 0:00:05]} Nxe5 {[%emt 0:00:17]} 20. Qe2 {[%emt 0:09:03]} Nxd3 {[%emt 0:05:19]} 21. Qxd3 {[%emt 0:00:06]} Bf5 {[%emt 0:00:40]} 22. Qg3 {[%emt 0:07:21]} Be4 {[%emt 0:02:05]} 23. Nc5 {[%emt 0:01:25]} Bxg2 {[%emt 0:03:21]} 24. Rf6 {[%emt 0:00:38]} Ng6 {[%emt 0:01:01]} 25. Rxg6 {[%emt 0:07:56]} fxg6 {[%emt 0:00:07]} 26. Qxg2 {[%emt 0:00:14]} Qe3+ {[%emt 0:00:08]} 27. Kh1 {[%emt 0:00:13]} Rf2 {[%emt 0:03:15]} 28. Qxd5+ {[%emt 0:00:35]} Kh8 {[%emt 0:00:06]} 29. Rd1 {[%emt 0:00:31]} Raf8 {[%emt 0:00:53]} 30. Qe5 {[%emt 0:05:37]} Qf3+ {Qd5 Qe3 Qd3 Qe8 Bd4 Qc6+ Qe4} 0-1

[Event "Tatry Open 2018"]
[Site "Tatranska Lomnica"]
[Date "2018.10.01"]
[Round "2"]
[White "Bochnickova, Andrea"]
[Black "Mrvova, Alena"]
[Result "1-0"]
[WhiteElo "2079"]
[BlackElo "2200"]
[Annotator "NA"]
[PlyCount "121"]
[EventDate "2018.09.30"]
[EventType "swiss"]
[EventCountry "SVK"]
[SourceTitle "playchess.com"]
[Source "ChessBase"]
[SourceQuality "1"]
[TimeControl "40/5400+30:1800+30"]

{[%evp 37,99,204,187,204,196,32767,191,215,202,192,166,168,211,218,241,34,241,331,346,335,334,341,316,164,169,166,225,179,251,268,275,280,279,149,262,269,232,236,254,255,285,147,141,146,158,156,266,157,163,189,240,189,183,247,209,234,177,0,5,8,0,0,0,0]} 1. e4 {[%emt 0:00:00]} c5 {[%emt 0:02:42]} 2. Nf3 {[%emt 0:00:00]} a6 {[%emt 0:01:18]} 3. c4 {[%emt 0:00:30]} g6 {[%emt 0:01:27]} 4. d4 {[%emt 0:00:47]} Bg7 {[%emt 0:00:51]} 5. Nc3 {[%emt 0:03:15]} cxd4 {[%emt 0:05:33]} 6. Nxd4 {[%emt 0:00:18]} Nc6 {[%emt 0:01:13]} 7. Be3 {[%emt 0:02:25]} d6 {[%emt 0:02:31]} 8. Be2 {[%emt 0:01:18]} Nf6 {[%emt 0:01:03]} 9. f3 {[%emt 0:04:33]} h5 {[%emt 0:10:11]} 10. Qd2 {[%emt 0:07:02]} Ne5 {[%emt 0:01:42] B38: Sicilian: Maroczy Bind with 5...Bg7 and 7...0-0} (10... Bd7 11. O-O h4 12. Rac1 Nh5 13. Nd5 e6 14. Nxc6 Bxc6 15. Bb6 Bh6 16. Qc3 Bg7 17. Qe3 Bh6 18. Qf2 {1-0 (34) Kasparov,S (2450)-Schneider,J (1893) Arco 2017}) 11. O-O {[%emt 0:03:30]} O-O {[%emt 0:02:02]} 12. Rfc1 $146 {[%emt 0:01:04]} ({Predecessor:} 12. h3 Bd7 13. f4 Nc6 14. Bf3 Rc8 15. b3 Qa5 16. Rad1 Rfe8 17. Nxc6 Bxc6 18. Nd5 Qxd2 19. Rxd2 Bxd5 20. exd5 {½-½ (66) Ilenko,A (1939)-Anastasiev,V (2046) Kemerovo 2011}) 12... e6 {[%emt 0:08:19]} 13. Kh1 {[%emt 0:16:32]} Bd7 {[%emt 0:08:01]} 14. Rc2 {[%emt 0:06:37]} Rc8 {[%emt 0:02:45]} 15. b3 {[%emt 0:00:52]} Bc6 {[%emt 0:02:25]} 16. Rd1 {[%emt 0:07:37]} Nh7 {[%emt 0:01:19]} 17. Nxc6 {[%emt 0:05:37]} Rxc6 {[%emt 0:01:58]} 18. c5 {[%emt 0:06:52]} Qb8 {[%emt 0:00:30]} 19. f4 {[%emt 0:02:40]} ({Don't take} 19. cxd6 $6 Rd8 $14) 19... dxc5 {[%emt 0:00:16]} 20. fxe5 {[%emt 0:02:30]} Bxe5 {[%emt 0:00:08]} 21. g3 {[%emt 0:04:17]} Rd6 {[%emt 0:01:06]} 22. Qe1 {[%emt 0:01:56]} Bd4 {[%emt 0:00:17]} 23. Bf4 {[%emt 0:03:02]} e5 {[%emt 0:00:09]} 24. Bh6 {[%emt 0:01:30]} Rfd8 {[%emt 0:00:18]} 25. Nd5 {[%emt 0:01:03]} R8d7 {[%emt 0:02:53]} 26. Be3 $2 {[%emt 0:04:27]} (26. h4 $18) 26... b5 $2 {[%emt 0:05:47]} (26... Rxd5 $1 $14 27. exd5 Bxe3) 27. Bxd4 {[%emt 0:01:37]} cxd4 {[%emt 0:00:08]} 28. Rdc1 {[%emt 0:04:33]} Kg7 {[%emt 0:00:35]} 29. Rc8 {[%emt 0:01:24]} Qb7 {[%emt 0:00:09]} 30. R1c7 {[%emt 0:00:33]} (30. Bf3 $142) 30... Rxc7 {[%emt 0:00:05]} 31. Rxc7 {[%emt 0:00:03]} Qb8 {[%emt 0:00:08]} 32. Qc1 {[%emt 0:00:43]} Nf6 {[%emt 0:02:33]} 33. Nxf6 {[%emt 0:01:55]} ({Don't do} 33. Rc8 $6 Qb7 $18) 33... Rxf6 {[%emt 0:00:04]} 34. Kg2 {[%emt 0:02:12]} Qb6 {[%emt 0:02:08]} 35. Bd3 {[%emt 0:01:31]} Qe6 {[%emt 0:01:36]} (35... h4 $16 {is a better defense.} 36. Qc2 (36. gxh4 Rf4 $14) 36... Qe6) 36. Qg5 {[%emt 0:02:23]} Qd6 {[%emt 0:01:02]} 37. Rc2 {[%emt 0:00:14]} Re6 {[%emt 0:00:56]} 38. Qd2 {[%emt 0:00:29]} Re7 {[%emt 0:00:48]} 39. b4 {[%emt 0:00:37]} Qe6 {[%emt 0:02:19]} 40. Rc5 {[%emt 0:00:52]} h4 {[%emt 0:00:08]} 41. Be2 {[%emt 0:22:00]} Rd7 {[%emt 0:22:02]} (41... hxg3 $16 42. Kxg3 (42. hxg3 Re8 $16) 42... Qd6) 42. g4 {[%emt 0:01:30]} Qe7 {[%emt 0:06:45]} 43. Bd1 {[%emt 0:00:34]} Rd6 {[%emt 0:07:00]} 44. Bb3 {[%emt 0:01:30]} Rf6 {[%emt 0:00:11]} 45. h3 {[%emt 0:03:15]} Rf4 {[%emt 0:00:21]} 46. Qe2 {[%emt 0:02:49]} Qg5 {[%emt 0:02:20]} 47. Rd5 $2 {[%emt 0:00:27]} ({White should play} 47. Bd5 $18) 47... Rf6 {[%emt 0:00:28]} 48. Qe1 {[%emt 0:01:48]} Qf4 {[%emt 0:00:59]} 49. Bd1 {[%emt 0:00:03]} Rc6 {[%emt 0:02:56]} 50. Qf2 $11 {[%emt 0:00:32]} Qc1 {[%emt 0:03:54]} 51. Qf1 {[%emt 0:00:44]} Qd2+ {[%emt 0:02:36]} 52. Qe2 {[%emt 0:00:35]} Qf4 {[%emt 0:00:24]} 53. Qf3 {[%emt 0:00:18]} Qg5 {[%emt 0:00:37]} 54. Rc5 {[%emt 0:00:23]} Rf6 {[%emt 0:00:04]} 55. Qd3 {[%emt 0:00:16]} Rf4 {[%emt 0:03:38]} 56. Rc6 {[%emt 0:00:41]} Qe7 {[%emt 0:00:15]} 57. a3 {[%emt 0:00:11]} Qb7 {[%emt 0:00:11]} 58. Qc2 {[%emt 0:00:39]} d3 {[%emt 0:00:07]} 59. Qc5 {[%emt 0:00:11]} Rxe4 {[%emt 0:00:19]} 60. Bf3 {[%emt 0:00:14]} Re1 {[%emt 0:00:55]} 61. Rxg6+ {[%emt 0:00:37]} 1-0

[Event "Tatry Open 2018"]
[Site "Tatranska Lomnica"]
[Date "2018.10.01"]
[Round "2"]
[White "Steiner, Bruno"]
[Black "Michalicka, Milan"]
[Result "1/2-1/2"]
[WhiteElo "2075"]
[BlackElo "2225"]
[Annotator "TA"]
[PlyCount "62"]
[EventDate "2018.09.30"]
[EventType "swiss"]
[EventCountry "SVK"]
[SourceTitle "playchess.com"]
[Source "ChessBase"]
[SourceQuality "1"]

{[%evp 16,62,-44,-41,0,-8,26,31,46,27,43,36,46,34,33,18,27,14,14,21,39,-15,-8,-12,-6,-5,-6,-29,-25,-20,-30,-27,-32,-26,0,0,0,0,0,0,0,0,0,0,0,0,0,0,0]} 1. c4 g6 2. e3 Bg7 3. Nf3 Nf6 4. Be2 c5 5. O-O O-O 6. Nc3 Nc6 7. a3 d5 8. cxd5 Nxd5 9. Qc2 {LiveBook: 6 Games. A34: Symmetrical English: 2 Nc3, lines with ...d5} Nxc3 (9... e5 10. Rb1 Nxc3 11. dxc3 e4 12. Nd2 f5 13. b4 Qe7 14. bxc5 Qxc5 {0-1 (39) Rodriguez Dosina,A (2207)-Hernandez Gonzalez,W (2397) Santa Clara 2017}) 10. dxc3 Bf5 $146 ({Predecessor:} 10... Qc7 11. e4 b6 12. Be3 Bb7 13. Rac1 Rac8 14. Rfd1 Ne5 15. Nd2 Nd7 16. Qb1 Nf6 {½-½ (53) Berning,B (2200)-Carlsen,E (1871) Gausdal 2008}) 11. e4 {White has an edge.} Be6 12. Ng5 Bd7 13. Be3 b6 14. Rad1 Qc7 15. h3 Rad8 16. b4 cxb4 17. cxb4 {[#] Hoping for b5.} Qb7 18. Bb5 (18. f4 $14) 18... Nd4 $11 19. Bxd4 Bxb5 20. Bxg7 Kxg7 21. Qb3 {[#] Rxd8 is the strong threat.} e5 ({But not} 21... Bxf1 $2 22. Rxd8 e5 23. Rxf8 $18) 22. Rxd8 Rxd8 23. Rd1 Rxd1+ 24. Qxd1 h6 25. Qd6 {The position is equal.} hxg5 26. Qxe5+ Kg8 {aiming for ...Bc4.} 27. Qxb5 Qxe4 28. g3 Qb1+ 29. Kg2 Qe4+ 30. Kg1 Qb1+ 31. Kg2 Qe4+ {Precision: White = 52%, Black = 60%.} 1/2-1/2

[Event "Tatry Open 2018"]
[Site "Tatranska Lomnica"]
[Date "2018.10.01"]
[Round "2"]
[White "Koval, Anton"]
[Black "Bolacky, Jiri"]
[Result "0-1"]
[WhiteElo "2037"]
[BlackElo "2222"]
[Annotator "TA"]
[PlyCount "48"]
[EventDate "2018.09.30"]
[EventType "swiss"]
[EventCountry "SVK"]
[SourceTitle "playchess.com"]
[Source "ChessBase"]
[SourceQuality "1"]

{[%evp 14,48,-15,-34,12,-31,-10,-23,-32,-31,-43,-52,-43,-102,-15,-10,-6,-16,-24,-61,-66,-113,-83,-144,-144,-152,-152,-160,-169,-159,-150,-563,-558,-560,-562,-557,-551]} 1. e4 c5 2. Nf3 g6 3. Bc4 Bg7 4. O-O Nc6 5. c3 e6 6. d3 Nge7 7. Qe2 O-O 8. Bg5 Rb8 $146 {B27: Sicilian: 2 Nf3, unusual Black 2nd moves} ({Predecessor:} 8... h6 9. Bh4 g5 10. Bg3 d5 11. exd5 exd5 12. Bb3 f5 13. Be5 g4 14. Bxg7 gxf3 15. Qxf3 Kxg7 16. Nd2 {0-1 (37) Singh,R (2026)-Blanco Ronquillo,H (2442) Port of Spain 2017}) 9. a4 a6 10. Na3 d5 {Black has an edge.} 11. Bb3 b5 12. exd5 exd5 {...b4 is the strong threat.} 13. Rfe1 {[#]} (13. axb5 $15 axb5 14. Nc2) 13... Re8 (13... b4 $1 $17 {[%cal Rb4c3]} 14. Bxe7 Nxe7 15. Qxe7 bxc3) 14. axb5 $11 axb5 15. Nc2 Be6 16. Bf4 c4 17. Ba2 Ra8 {And now ...d4 would win.} 18. Bb1 ({Better is} 18. Qd2) 18... Rxa1 $17 19. Nxa1 d4 20. cxd4 Nxd4 21. Nxd4 Qxd4 22. Be5 $2 {[#]} (22. Bc1 $17 {nothing else works.}) 22... Bxe5 $19 {Black is clearly winning.} 23. Qxe5 Qxe5 24. Rxe5 Ra8 {Precision: White =  7%, Black = 59%.} 0-1

[Event "Tatry Open 2018"]
[Site "Tatranska Lomnica"]
[Date "2018.10.01"]
[Round "2"]
[White "Kolman, Richard"]
[Black "Borsos, Bogdan"]
[Result "0-1"]
[WhiteElo "2016"]
[BlackElo "2266"]
[Annotator "ChessBase"]
[PlyCount "46"]
[EventDate "2018.09.30"]
[EventType "swiss"]
[EventCountry "SVK"]
[SourceTitle "playchess.com"]
[Source "ChessBase"]
[SourceQuality "1"]
[TimeControl "40/5400+30:1800+30"]

1. d4 {[%emt 0:00:00]} d5 {[%emt 0:00:00]} 2. Nf3 {[%emt 0:00:00]} c5 {[%emt 0:00:00]} 3. c3 {[%emt 0:00:51]} e6 {[%emt 0:00:00]} 4. Bf4 {[%emt 0:00:38]} Nf6 {[%emt 0:00:03]} 5. e3 {[%emt 0:01:21]} Bd6 {[%emt 0:00:07]} 6. Bg3 {[%emt 0:04:54]} O-O {[%emt 0:00:09]} 7. Nbd2 {[%emt 0:00:40]} Nc6 {[%emt 0:00:28]} 8. Bd3 {[%emt 0:01:25]} b6 {[%emt 0:00:18]} 9. Ne5 {[%emt 0:09:44]} Bb7 {[%emt 0:00:28]} 10. f4 {[%emt 0:00:34]} Ne7 {[%emt 0:00:13]} 11. Bh4 {[%emt 0:02:53]} Ne4 {[%emt 0:06:22]} 12. Qc2 {[%emt 0:22:42]} f6 {[%emt 0:01:09]} 13. Bxe4 {[%emt 0:01:14]} dxe4 {[%emt 0:00:16]} 14. Nec4 {[%emt 0:00:06]} cxd4 {[%emt 0:06:17]} 15. Nxe4 {[%emt 0:07:19]} Bc7 {[%emt 0:06:12]} 16. cxd4 {[%emt 0:11:52]} Rc8 {[%emt 0:01:34]} 17. Nc3 {[%emt 0:03:03]} Bxf4 {[%emt 0:02:25]} 18. Qb3 {[%emt 0:08:26]} Bh6 {[%emt 0:06:19]} 19. Nd2 {[%emt 0:07:09]} Qd7 {[%emt 0:01:45]} 20. Bf2 {[%emt 0:01:18]} Nd5 {[%emt 0:03:22]} 21. Nd1 {[%emt 0:12:30]} Qc6 {[%emt 0:02:59]} 22. Nf3 {[%emt 0:00:30]} Ba6 {[%emt 0:00:53]} 23. Qa3 {[%emt 0:01:30]} Qb5 {[%emt 0:00:58]} 0-1

[Event "Tatry Open 2018"]
[Site "Tatranska Lomnica"]
[Date "2018.10.01"]
[Round "3"]
[White "Krnan, Tomas"]
[Black "Kostelny, Jozef"]
[Result "1-0"]
[WhiteElo "2430"]
[BlackElo "2193"]
[Annotator "TA"]
[PlyCount "49"]
[EventDate "2018.09.30"]
[EventType "swiss"]
[EventCountry "SVK"]
[SourceTitle "playchess.com"]
[Source "ChessBase"]
[SourceQuality "1"]

{[%evp 13,49,60,65,33,26,35,16,14,0,0,102,95,106,98,85,92,102,102,101,64,114,117,171,162,252,252,244,133,133,181,383,351,5614,5202,29990,1422,1272,667]} 1. e4 c5 2. Nf3 Nc6 3. Bb5 Qb6 4. Nc3 e6 5. Bxc6 Qxc6 6. d4 {B30: Sizilianisch (Rossolimo-Variante)} cxd4 7. Nxd4 Qc7 {LiveBook: 34 Partien} 8. Qf3 {Schwarz muss nun Scb5 beachten.Weiß steht etwas besser.} (8. Ndb5 Qb8 9. Be3 a6 10. Bb6 axb5 11. Nxb5 Bb4+ 12. c3 Ba5 13. Bxa5 Rxa5 {1-0 (27) Kryvoruchko,Y (2703)-Tabatabaei,M (2605) Dubai 2018}) 8... a6 9. Bf4 d6 $1 10. Bg3 Nf6 11. O-O-O Bd7 $146 (11... Be7 $11) ({Vorgänger:} 11... Nd7 12. Qe2 Ne5 13. f4 Nc4 {1-0 (30) Petenyi,T (2452)-Pagerka,M (2194) Martin 2013}) 12. Rhe1 $1 $16 {Droht stark e5.} Bc6 13. Nxc6 Qxc6 14. Nd5 $36 {[%mdl 2048] Läuft bei Weiss.} Rc8 {[%csl Gc8][%cal Rc6c2]} 15. Nxf6+ gxf6 {[%csl Gc8][%cal Rc6c2]} 16. Re2 Rg8 17. Rd3 Rg5 (17... Be7 $16 {war einen Versuch wert.}) 18. Qxf6 $18 Rc5 (18... Qb5 {kämpft weiter.} 19. Qf3 Rg6) 19. c3 b5 20. Red2 (20. a3 $18) 20... e5 $16 {[#]} 21. Qh8 $1 {[%csl LRd6,LRh7]} b4 $2 (21... Qxe4 22. Rxd6 Qe1+ 23. Kc2 (23. Rd1 Rxc3+ 24. bxc3 Qxc3+ 25. Kb1 Qc2+ 26. Ka1 Qc3+ 27. Kb1 Qc2+ 28. Ka1 Qc3+ 29. Kb1 $11) 23... Qe4+ 24. Kd1 (24. Kc1 Qe1+ 25. Kc2 Qe4+ 26. Kd1 R5c6 $18) 24... R5c6) 22. Rxd6 $1 $18 Qb5 $2 (22... bxc3 23. Rxc6 cxd2+ 24. Kxd2 R8xc6 25. Bxe5 Rg6) 23. Bh4 {Weiss will mit Td8+ Matt setzen.} Qa5 {[#]} 24. Rd8+ (24. Be7 $142 $1 {[%mdl 512]} Kxe7 25. Qf6+ Ke8 26. Rd7 Rxc3+ 27. bxc3 Rxc3+ 28. Kb1 Rc1+ 29. Kxc1) 24... Rxd8 25. Rxd8+ {Precision: Weiß = 73%, Schwarz = 33%.} 1-0

[Event "Tatry Open 2018"]
[Site "Tatranska Lomnica"]
[Date "2018.10.01"]
[Round "3"]
[White "Vojta, Tomas"]
[Black "Chlpik, Martin"]
[Result "0-1"]
[WhiteElo "2349"]
[BlackElo "2119"]
[Annotator "TA"]
[PlyCount "60"]
[EventDate "2018.09.30"]
[EventType "swiss"]
[EventCountry "SVK"]
[SourceTitle "playchess.com"]
[Source "ChessBase"]
[SourceQuality "1"]

{[%evp 10,60,-41,-44,-37,-89,-75,-73,-67,-69,-43,-45,20,13,10,12,8,12,22,-23,-23,-30,-25,-20,-40,-29,-36,-48,-46,-141,-152,-286,-302,-270,-291,-287,-265,-300,-299,-300,-296,-306,-281,-275,-247,-222,-222,-212,-212,-232,-225,-237,-216]} 1. e4 c5 2. f4 d5 3. Nc3 d4 4. Nce2 e5 5. d3 Nc6 6. g3 {LiveBook: 5 Partien. B21: Sizilianisch (Morra-Gambit 2.d4 und 2.f4)} (6. Nf3 Bd6 7. f5 h5 8. g3 Be7 9. h3 g6 10. fxg6 fxg6 11. h4 Nf6 12. Bg2 Ng4 {0-1 (49) Burovic,I (2387)-Kozul,Z (2632) Zadar 2014}) 6... h5 7. f5 (7. h3 $15) 7... g6 8. fxg6 {Schwarz steht besser.} fxg6 9. Nf3 Bg4 $146 ({Vorgänger:} 9... Be7 10. h4 Nf6 11. Bg2 Nh7 12. Bh6 Be6 {½-½ (37) Sousa,J-Vera,A UECC email 2000}) 10. Bg2 h4 ({Günstiger ist} 10... Bxf3 $15 11. Bxf3 Nf6) 11. Nxh4 $11 Rxh4 12. gxh4 Qxh4+ 13. Kf1 O-O-O 14. Qe1 (14. h3 $5 {[%cal Rh3g4]} Be6 15. Qe1 $14) 14... Be7 $36 {[%mdl 2048] [#] Droht stark ...Tf8+. Schwarz hat Druck.} 15. Qxh4 Bxh4 16. Ng3 Nb4 17. Bd2 $1 Nxc2 18. Rc1 Ne3+ 19. Bxe3 (19. Kg1 $15) 19... dxe3 $17 20. Rxc5+ (20. Ke1 $17) 20... Kb8 $19 {zielt auf ...Tf8+ ab.} 21. Ke1 Rxd3 {[%csl Gg4][%cal Rd3d1]} 22. Rd5 Rd4 23. Rf1 {[#]} Nf6 $1 {[%cal Rf6d5]} 24. Rxd4 exd4 {[%cal Be5d4,Bd4d3][%mdl 32]} 25. e5 d3 {[%csl Ge3][%cal Rd3d2]} 26. Bf3 Bxf3 27. Rxf3 {Schwarz steht deutlich besser.} Ng4 $1 {[%csl LRe5,LRh2]} 28. e6 {beabsichtigt Tf4.} Kc7 {[%mdl 1024] Schwarz hat starke Kompensation.} 29. Rf7+ Kc6 30. Rf4 Nxh2 {Precision: Weiß = 49%, Schwarz = 68%.} 0-1

[Event "Tatry Open 2018"]
[Site "Tatranska Lomnica"]
[Date "2018.10.01"]
[Round "3"]
[White "Zylka, Stanislaw"]
[Black "Macko, Michal"]
[Result "1/2-1/2"]
[WhiteElo "2327"]
[BlackElo "2187"]
[Annotator "TA"]
[PlyCount "66"]
[EventDate "2018.09.30"]
[EventType "swiss"]
[EventCountry "SVK"]
[SourceTitle "playchess.com"]
[Source "ChessBase"]
[SourceQuality "1"]

{[%evp 29,66,36,48,30,14,0,16,-13,68,66,71,70,77,69,77,41,39,38,28,38,42,50,35,46,85,2,28,0,0,-14,0,0,0,0,0,0,0,0,18]} 1. d4 Nf6 2. Nf3 e6 3. c4 d5 4. g3 Be7 5. Bg2 O-O 6. O-O dxc4 7. Qc2 a6 8. Qxc4 b5 9. Qc2 Bb7 10. Bd2 Be4 11. Qc1 Qc8 12. Bg5 {E05: Open Catalan: 5 Nf3 Be7} (12. b4 Nbd7 13. Nc3 Bc6 14. a3 Qb7 15. Qc2 h6 16. Rac1 Rac8 17. Rfe1 Nb6 18. e4 Nc4 19. d5 Bd7 20. dxe6 fxe6 {½-½ (46) Gelfand,B (2740)-Kramnik,V (2810) Zuerich 2013 CBM 153 [CB]}) 12... h6 13. Bxf6 Bxf6 14. Nbd2 Bb7 15. Nb3 Nd7 {LiveBook: 4 Games} 16. Qc2 Ra7 17. Rfc1 Qa8 {[#]} 18. Qd2 $146 ({Predecessor:} 18. Ne1 Bxg2 19. Nxg2 a5 20. Ne1 e5 21. Qf5 a4 22. Nd2 Rd8 23. Nd3 g6 24. Qf3 {½-½ (24) Sasikiran,K (2661)-Esplugas Esteve,V (2280) Sitges 2016}) 18... Bg5 ({Black should play} 18... Rc8 $11) 19. Nxg5 $14 Bxg2 20. f3 hxg5 21. Kxg2 g4 22. Qf4 gxf3+ 23. Qxf3 Qd8 24. Na5 {[#] And now Nc6 would win.} Nb8 25. Rd1 e5 26. dxe5 Qe7 27. Qd5 ({Better is} 27. Qe3 $16 c5 28. Rd6) 27... c5 (27... c6 $5 {[%cal Rc6d5]} 28. Qd4 (28. Nxc6 Nxc6 29. Qxc6 Qxe5 $11) 28... Rd7 $11) 28. Nb3 Nd7 {[%cal Bb8d7,Bd7e5,Be5c4][%mdl 32] The position is equal.} 29. Qd6 (29. e6 $5 fxe6 30. Qd6 $14) 29... Qxe5 30. Qxe5 Nxe5 31. Nxc5 Nc4 32. Kf2 Nxb2 33. Rd6 Rc8 {Precision: White = 34%, Black = 48%.} 1/2-1/2